000 00587nam a22002057a 4500
999 _c3047
_d3047
003 AR-CdUCM
008 190305b ||||| |||| 00| 0 spa d
040 _aMUNICIPALIDAD PROVINCIAL DEL CUSCO
_cBIBLIOTECA MUNICIPAL DEL CUSCO
082 _a869.56 /
_bB77
100 _aBouroncle C, Alfonso
_910360
245 _aEl viaje /
260 _aLima :
_bEdit.Arequipa,
_c1976.
300 _a253 paginas ;
_c19 cm.
505 _aContenido : Novela peruana /
650 _aLiteratura peruana
_9169
650 _aNovelas
_9218
650 _aSiglo XX
_98
942 _2ddc
_cLIBROS
945 _arjall